[Event "FRA-chT Top 16 GP Basse"]
[Site "Port Barcares"]
[Date "2005.05.06"]
[Round "10"]
[White "Meynard, Thibault"]
[Black "Libiszewski, Fabien"]
[Result "1-0"]
[WhiteElo "2242"]
[BlackElo "2417"]
[PlyCount "115"]
[EventDate "2005.05.04"]
[EventType "team-tourn"]
[EventRounds "4"]
[EventCountry "FRA"]
[SourceTitle "EXT 2006"]
[Source "ChessBase"]
[SourceDate "2005.11.24"]
[SourceVersion "1"]
[SourceVersionDate "2005.11.24"]
[SourceQuality "1"]
[WhiteTeam "Avignon"]
[BlackTeam "Montpellier"]
[WhiteTeamCountry "FRA"]
[BlackTeamCountry "FRA"]

1. c4 e5 2. Nc3 Nf6 3. e3 Nc6 4. a3 d5 5. cxd5 Nxd5 6. Bb5 Nxc3 7. bxc3 Qd5 8. Bf1 Be6 9. Qc2 f5 10. Rb1 0-0-0 11. Nh3 Be7 12. d4 Qd6 13. Be2 g5 14. 0-0 exd4 15. exd4 f4 16. Qd1 Rdf8 17. Re1 Kb8 18. Bf3 Bd5 19. Bxd5 Qxd5 20. f3 h5 21. Qd3 Bd6 22. Rb5 Qa2 23. Re2 Qg8 24. Rxg5 Qf7 25. Rb5 Rhg8 26. Ng5 Qd7 27. Nh7 Rf7 28. Rxh5 Be7 29. Qe4 Bd8 30. d5 Na5 31. Qd3 Rh8 32. d6 Rfxh7 33. dxc7+ Qxc7 34. Bxf4 Rxh5 35. Bxc7+ Bxc7 36. g3 Nc6 37. f4 Bb6+ 38. Kh1 Rd8 39. Qg6 Rhd5 40. Re8 a6 41. h4 Rxe8 42. Qxe8+ Ka7 43. Qe4 Rc5 44. Qd3 Ne7 45. c4 Nf5 46. Kh2 Ra5 47. h5 Ne3 48. Qe2 Rxa3 49. h6 Bd4 50. h7 Rc3 51. Kh3 Bf6 52. Qh5 Rxc4 53. h8Q Bxh8 54. Qxh8 Nd5 55. Qe5 Nb6 56. f5 Nd7 57. Qd6 Nc5 58. Qd5 1-0

[Event "FRA-chT Top 16 GpB"]
[Site "Cannes"]
[Date "2005.04.03"]
[Round "7.6"]
[White "Meynard, Thibault"]
[Black "Eliet, Nicolas"]
[Result "0-1"]
[WhiteElo "2242"]
[BlackElo "2430"]
[PlyCount "102"]
[EventDate "2005.03.31"]
[EventType "team-tourn"]
[EventRounds "7"]
[EventCountry "FRA"]
[SourceTitle "CBM 105 Extra"]
[Source "ChessBase"]
[SourceDate "2005.05.01"]
[SourceVersion "1"]
[SourceVersionDate "2005.05.01"]
[SourceQuality "1"]
[WhiteTeam "Avignon"]
[BlackTeam "Gonfreville"]
[WhiteTeamCountry "FRA"]
[BlackTeamCountry "FRA"]

1. d4 Nf6 2. c4 e6 3. Nc3 Bb4 4. e3 b6 5. Nge2 Ba6 6. a3 Be7 7. Ng3 d5 8. e4 dxe4 9. Ngxe4 Nxe4 10. Nxe4 Bb7 11. f3 0-0 12. Be3 Bxe4 13. fxe4 Bg5 14. Qd2 Bxe3 15. Qxe3 Nc6 16. Rd1 e5 17. d5 Nd4 18. Bd3 a5 19. 0-0 Qe7 20. Rd2 a4 21. Rdf2 f6 22. g4 Rf7 23. h4 Nb3 24. Be2 Raf8 25. Bd1 Nc5 26. Bc2 Rb8 27. Qc3 Qd7 28. Qg3 Rbf8 29. g5 fxg5 30. Qxg5 Rxf2 31. Rxf2 Rxf2 32. Kxf2 Qd6 33. Ke3 h6 34. Qf5 g6 35. Qc8+ Kg7 36. h5 gxh5 37. Bd1 Qe7 38. Qf5 h4 39. Bg4 Qg5+ 40. Ke2 Qxf5 41. exf5 Kf6 42. Kd2 Kg5 43. Bh3 Ne4+ 44. Ke3 Nd6 45. Kd3 Kf6 46. Kc3 Nxf5 47. b3 axb3 48. Kxb3 Nd6 49. a4 Nb7 50. Bc8 Nc5+ 51. Kb4 e4 0-1

[Event "France-ch U18"]
[Site "Reims"]
[Date "2004.04.24"]
[Round "8"]
[White "Cotonnec, Melkior"]
[Black "Meynard, Thibault"]
[Result "1/2-1/2"]
[WhiteElo "2127"]
[BlackElo "2270"]
[PlyCount "183"]
[EventDate "2004.04.??"]
[EventType "swiss"]
[EventRounds "9"]
[EventCountry "FRA"]
[SourceTitle "EXT 2005"]
[Source "ChessBase"]
[SourceDate "2004.11.15"]
[SourceVersion "1"]
[SourceVersionDate "2004.11.15"]
[SourceQuality "1"]

1. e4 c5 2. Nf3 Nc6 3. d4 cxd4 4. Nxd4 Nf6 5. Nc3 e5 6. Ndb5 d6 7. Nd5 Nxd5 8. exd5 Nb8 9. c4 a6 10. Nc3 Be7 11. Be2 0-0 12. 0-0 f5 13. f4 Nd7 14. Kh1 Bf6 15. Qc2 exf4 16. Bxf4 Ne5 17. b4 Bd7 18. Be3 Nxc4 19. Bxc4 Rc8 20. Bd3 Rxc3 21. Qd2 Be5 22. Bg1 Qh4 23. Rab1 Rf6 24. Rf3 f4 25. Rbf1 Bg4 26. Bxh7+ Qxh7 27. Rxc3 Bxc3 28. Qxc3 Qe4 29. Qd4 Qxd4 30. Bxd4 Rf5 31. h3 Be2 32. Rc1 Rxd5 33. Bc3 Kf7 34. Kg1 g5 35. Be1 Ke6 36. Rc7 b5 37. Ra7 Bc4 38. Rxa6 Rd1 39. Kf2 Rc1 40. a4 bxa4 41. Rxa4 Bd5 42. b5 Rc2+ 43. Kg1 Rxg2+ 44. Kf1 Rb2 45. h4 gxh4 46. Bxh4 f3 47. Bg3 Rxb5 48. Rh4 Rb1+ 49. Kf2 Rb2+ 50. Ke3 Kd7 51. Rh7+ Kc6 52. Rh6 Re2+ 53. Kd3 Re6 54. Rxe6 Bxe6 55. Ke3 Bg4 56. Bh4 Kd5 57. Bf6 Kc4 58. Bh8 Kb3 59. Bf6 Kc2 60. Be7 d5 61. Bh4 Kc3 62. Bf6+ Kc4 63. Bh8 Bh5 64. Bf6 Kc5 65. Be5 Kc6 66. Ba1 Kd6 67. Bd4 Ke7 68. Ba1 Ke6 69. Bd4 Kf5 70. Bc3 Kg4 71. Be1 Kh3 72. Kd4 Bf7 73. Ke3 Kg2 74. Bh4 Bg6 75. Be1 Be4 76. Bh4 Kf1 77. Bg3 Kg2 78. Bh4 Kh3 79. Be1 Kg4 80. Bc3 Kf5 81. Be1 Ke6 82. Bc3 Kd6 83. Bh8 Kc5 84. Bf6 Kc4 85. Bh8 Kb3 86. Bf6 Kc2 87. Be5 Kc1 88. Bf6 Kd1 89. Bh4 Kc1 90. Bf6 Kc2 91. Be5 Kd1 92. Bg3 1/2-1/2

[Event "FRA-chT2 0304a"]
[Site "France"]
[Date "2004.03.13"]
[Round "8.5"]
[White "Delabaca, Romuald"]
[Black "Meynard, Thibault"]
[Result "1/2-1/2"]
[WhiteElo "2188"]
[BlackElo "2278"]
[PlyCount "81"]
[EventDate "2003.10.??"]
[EventType "team"]
[EventRounds "11"]
[EventCountry "FRA"]
[SourceTitle "EXT 2005"]
[Source "ChessBase"]
[SourceDate "2004.11.15"]
[SourceVersion "1"]
[SourceVersionDate "2004.11.15"]
[SourceQuality "1"]
[WhiteTeam "Cannes II"]
[BlackTeam "Avignon"]
[WhiteTeamCountry "FRA"]
[BlackTeamCountry "FRA"]

1. e4 c5 2. Nf3 Nc6 3. d4 cxd4 4. Nxd4 Nf6 5. Nc3 e5 6. Ndb5 d6 7. Bg5 a6 8. Na3 b5 9. Bxf6 gxf6 10. Nd5 Bg7 11. Bd3 Ne7 12. Nxe7 Qxe7 13. c4 f5 14. 0-0 0-0 15. Qf3 bxc4 16. Nxc4 d5 17. exd5 e4 18. Qe3 Re8 19. Bc2 Bb7 20. d6 Qf6 21. d7 Re6 22. Rad1 Rd8 23. Qf4 Bc6 24. Ne3 Re5 25. Nc4 Rc5 26. b3 Bxd7 27. Rd6 Be6 28. Rxa6 Bh6 29. Qg3+ Kh8 30. f4 exf3 31. Qxf3 Qd4+ 32. Kh1 Bd5 33. Qf2 Bc6 34. Qxd4+ Rxd4 35. h3 f4 36. Rd1 Bg7 37. Rxd4 Bxd4 38. Bd1 Bb5 39. Ra5 Bc3 40. Ra8+ Kg7 41. Be2 1/2-1/2

[Event "Cappelle op 20th"]
[Site "Cappelle la Grande"]
[Date "2004.02.29"]
[Round "2"]
[White "Meynard, Thibault"]
[Black "Minasian, Ara"]
[Result "0-1"]
[WhiteElo "2278"]
[BlackElo "2499"]
[PlyCount "80"]
[EventDate "2004.02.28"]
[EventType "swiss"]
[EventRounds "9"]
[EventCountry "FRA"]
[SourceTitle "CBM 099 Extra"]
[Source "ChessBase"]
[SourceDate "2004.05.04"]
[SourceVersion "1"]
[SourceVersionDate "2004.05.04"]
[SourceQuality "1"]

1. d4 f5 2. Nc3 Nf6 3. Bg5 d5 4. Bxf6 exf6 5. e3 c6 6. Bd3 Bd6 7. Qf3 g6 8. h3 Na6 9. a3 Nc7 10. g4 Ne6 11. gxf5 Ng5 12. Qe2 gxf5 13. Qh5+ Ke7 14. Nf3 Qe8 15. Qxe8+ Rxe8 16. Nh4 Ne4 17. Ne2 Rg8 18. f3 Ng3 19. Rg1 Be6 20. Kf2 Ne4+ 21. Bxe4 fxe4 22. Ng3 Bxh3 23. fxe4 Bxg3+ 24. Rxg3 Rxg3 25. Kxg3 Be6 26. exd5 Rg8+ 27. Kf3 Bxd5+ 28. Kf2 Rg5 29. Rg1 b5 30. Rg3 Be4 31. c3 Ke6 32. Rh3 a5 33. b3 Rh5 34. Kg3 Bc2 35. b4 axb4 36. axb4 Kd5 37. Rh2 Be4 38. Kg4 Rg5+ 39. Kf4 Rg1 40. Rf2 h5 0-1